| 000 | 00463nam a22001337a 4500 | ||
|---|---|---|---|
| 005 | 20241217092807.0 | ||
| 008 | 241001b |||||||| |||| 00| 0 eng d | ||
| 100 |
_aLapitan, Dick B. _eauthor. _961902 |
||
| 245 |
_aHow do you teach a poem? / _cDick B. Lapitan. |
||
| 260 |
_aPhilippines; _bPublishers Association of the Philippines, Inc., _cNovember 2018. |
||
| 300 | _aVolume 66, pages 223-224. | ||
| 700 |
_aLapitan, Dick B. _eauthor. _961903 |
||
| 942 |
_2ddc _cPER |
||
| 999 |
_c22057 _d22057 |
||